7 quiz - Statistics

General Stats
  • This quiz has been taken 24 times
  • The average score is 9 of 16
Answer Stats
Hint Answer % Correct
It has 7 colours. Rainbow
95%
Snow-whites 7 companions Dwarves
91%
The name of a lemon-lime flavoured soft drink 7 {Up}
86%
His secret agent number is 007. James Bond
86%
If you throw two of these, there's a 1/6-chance to "get" 7. Dice
68%
The names of 7 countries end with this four-letter syllable Stan
68%
A regular polygon with 7 sides Heptagon
64%
Rome is built on 7 ... Hills
64%
This continent belongs to 7 countries. Antarctica
59%
There are currently 7 of this kind of elements in the periodic table, including helium and xenon. Noble gases
50%
God did this within 7 days (including their day of rest). Creation
41%
A value of 7 on this scale is considered neutral, and neither acidic nor basic. pH
41%
Voldemort split his soul into 7 ... Horcruxes
27%
This country beginning with B has a population of pretty much exactly 7 million. Bulgaria
18%
He predicted "7 years of plenty and 7 years of famine" based on a dream. Joseph
18%
Almost all mammals, even giraffes, have 7 of this kind of bones. Cervical Vertebrae
0%
No matching quizzes found
Score Distribution
Percent of People with Each Score
Percentile by Number Answered
Your Score History
You have not taken this quiz